Игорь Васильевич Кучеренко: геолог, педагог, ученый

Sonraí bibleagrafaíochta
Údar corparáideach: Национальный исследовательский Томский политехнический университет
Rannpháirtithe: Гаврилов Р. Ю. Роман Юрьевич (составитель), Поцелуев А. А. Анатолий Алексеевич, Синкина Е. А. Екатерина Андреевна
Achoimre:Заглавие с титульного экрана
Электронная версия печатной публикации
Очерк посвящен жизни и деятельности профессора Томского политехнического университета, доктора геолого-минералогических наук, Заслуженного геолога России, академика Российской академии естествознания, выдающегося ученого в области геологии и металлогении месторождений золота Игоря Васильевича Кучеренко. Будучи доцентом, заместителем декана ГРФ, профессором, заведующим кафедрой минералогии и петрографии И.В. Кучеренко более 50 лет принимал самое активное участие в подготовке горных инженеров-геологов уранового (редкометалльного) и общего профиля. Книга, прежде всего, адресована коллегам, ученикам И.В. Кучеренко, выпускникам геологам ТПИ - ТПУ и, конечно, нынешним аспирантам, магистрантам и студентам геологических специальностей Томского политехнического университета. Приведенный полный список опубликованных работ и отдельная статья в Докладах академии наук СССР и глава из монографии по золоторудному месторождению Чертово Корыто будут, несомненно, востребованы широким кругом специалистов, интересующихся проблемами геологии и металлогении золоторудных месторождений.
Teanga:Rúisis
Foilsithe / Cruthaithe: Томск, Books, 2023
Ábhair:
Rochtain ar líne:https://earchive.tpu.ru/handle/11683/76520
Formáid: Leictreonach LEABHAR
KOHA link:https://koha.lib.tpu.ru/cgi-bin/koha/opac-detail.pl?biblionumber=379142

MARC

LEADER 00000nlm0a2200000 4500
001 379142
005 20240214115548.0
010 |a 9785604996218 
035 |a (RuTPU)RU\TPU\retro\36604 
035 |a RU\TPU\retro\36486 
090 |a 379142 
100 |a 20230630d2023 m y0rusy50 ca 
101 0 |a rus 
102 |a RU 
105 |a ac z 000zb 
135 |a drcn ---uucaa 
181 0 |a i  
182 0 |a b 
200 1 |a Игорь Васильевич Кучеренко: геолог, педагог, ученый  |f Национальный исследовательский Томский политехнический университет ; сост. Р. Ю. Гаврилов ; А. А. Поцелуев ; Е. А. Синкина 
203 |a Текст  |c электронный 
210 |a Томск  |c Books  |d 2023 
300 |a Заглавие с титульного экрана 
300 |a Электронная версия печатной публикации 
330 |a Очерк посвящен жизни и деятельности профессора Томского политехнического университета, доктора геолого-минералогических наук, Заслуженного геолога России, академика Российской академии естествознания, выдающегося ученого в области геологии и металлогении месторождений золота Игоря Васильевича Кучеренко. Будучи доцентом, заместителем декана ГРФ, профессором, заведующим кафедрой минералогии и петрографии И.В. Кучеренко более 50 лет принимал самое активное участие в подготовке горных инженеров-геологов уранового (редкометалльного) и общего профиля. Книга, прежде всего, адресована коллегам, ученикам И.В. Кучеренко, выпускникам геологам ТПИ - ТПУ и, конечно, нынешним аспирантам, магистрантам и студентам геологических специальностей Томского политехнического университета. Приведенный полный список опубликованных работ и отдельная статья в Докладах академии наук СССР и глава из монографии по золоторудному месторождению Чертово Корыто будут, несомненно, востребованы широким кругом специалистов, интересующихся проблемами геологии и металлогении золоторудных месторождений. 
452 1 |0 (RuTPU)RU\TPU\retro\36431  |y 978-5-6049962-1-8  |t Игорь Васильевич Кучеренко: геолог, педагог, учёный  |f Национальный исследовательский Томский политехнический университет ; сост. Р. Ю. Гаврилов ; А. А. Поцелуев ; Е. А. Синкина  |c Томск  |n Books  |d 2023  |p 84 с. 
600 1 |a Кучеренко  |b И. В.  |c геолог  |c профессор-консультант Томского политехнического университета, доктор геолого-минералогических наук  |f 1937-2022  |g Игорь Васильевич  |y Томск  |2 stltpush  |3 (RuTPU)RU\TPU\pers\13904  |9 4406 
606 1 |a Геологи  |x Персоналии  |2 stltpush  |3 (RuTPU)RU\TPU\subj\67544  |9 83301 
606 1 |a Томский политехнический университет  |2 stltpush  |3 (RuTPU)RU\TPU\subj\67475  |9 83260 
610 1 |a электронный ресурс 
610 1 |a труды учёных ТПУ 
610 1 |a очерк жизни 
610 1 |a геологи 
610 1 |a геологи-политехники 
610 1 |a ученые 
610 1 |a педагоги 
675 |a 55(092)  |v 4 
686 |a Ч484(2)72ТПУ  |2 rubbk 
702 1 |a Гаврилов  |b Р. Ю.  |c российский геолог  |c доцент Томского политехнического университета, кандидат геолого-минералогических наук  |f 1978-  |g Роман Юрьевич  |3 (RuTPU)RU\TPU\pers\24796  |4 220  |9 11013 
702 1 |a Поцелуев  |b А. А.  |c геолог  |c профессор Томского политехнического университета, доктор геолого-минералогических наук  |f 1952-  |g Анатолий Алексеевич  |3 (RuTPU)RU\TPU\pers\26071  |4 220 
702 1 |a Синкина  |b Е. А.  |c геолог  |c доцент Томского политехнического университета, кандидат геолого-минералогических наук  |f 1986-  |g Екатерина Андреевна  |3 (RuTPU)RU\TPU\pers\37017  |4 220  |9 20032 
712 0 2 |a Национальный исследовательский Томский политехнический университет  |c (2009- )  |3 (RuTPU)RU\TPU\col\15902  |9 26305 
801 1 |a RU  |b 63413507  |c 20131204 
801 2 |a RU  |b 63413507  |c 20230704  |g RCR 
856 4 |u https://earchive.tpu.ru/handle/11683/76520 
942 |c CF